| 000 | 01524nam a2200301 4500 | ||
|---|---|---|---|
| 003 | EC-UNACH | ||
| 005 | 20251021133332.0 | ||
| 006 | s||||gr|||| 00| 00 | ||
| 008 | 150116t9999 mx r gr 000 0 spa d | ||
| 020 | _a978-607-481-639-6 | ||
| 040 |
_aEC-UNACH _cEC-UNACH |
||
| 041 | _aspa | ||
| 082 | 0 | 4 |
_223 _a657 _bL017836 |
| 110 | _aCengage learning | ||
| 245 | _aPrincipios de la contabilidad enfoque emprendedor | ||
| 250 | _aPrimera edición | ||
| 264 |
_aMexico _bCengage learning _c2011 |
||
| 300 | _a322 | ||
| 505 | _aCapitulo 1- Generación de una idea de negocio y registro de las operaciones iniciales Capitulo 2- los libros contables y el registro de las transacciones de negocios Capítulo 3-Proceso de ajustes contables Capitulo 4- Proceso de cierre de cuentas Capitulo 5- Los estados financieros básicos Capitulo 6- Normatividad y legislación contable Capitulo 7- Control y administración del efectivo y equivalentes de efectivo Capitulo 8- Cuentas por cobrar Capitulo 9- Control y administración del inventario Capitulo 10- Control y administración de los activos fijos o activos a largo plazo Capitulo 11- Pasivos Capitulo 12- Capital contable Capitulo 13- Analices financiero | ||
| 650 | _aRegistro de transaciones | ||
| 650 | _aEstados financieros basicos | ||
| 650 | _aSistema de control de inventarios | ||
| 700 | _aLuis Felipe Juárez Valdés | ||
| 942 |
_2ddc _c1 |
||
| 999 | _c14053 | ||